Statystyki dla Kraje używające Lektora (Voice-over) w filmach

Kliknij tutaj aby rozwiązać quiz!

Ogólne statystyki

  • Ten quiz został rozwiązany 25 razy
  • Średni wynik to 8 z 16

Statystyki odpowiedzi

Państwo% Poprawnych
Polska
100%
Rosja
78%
Litwa
74%
Łotwa
74%
Ukraina
65%
Białoruś
61%
Indie
52%
Armenia
39%
Bułgaria
39%
Uzbekistan
39%
Azerbejdżan
35%
Bangladesz
35%
Gruzja
35%
Mongolia
35%
Kirgistan
30%
Wietnam
30%

Rozkład punktacji

Percentyl według liczby udzielonych odpowiedzi

Procent ludzi z każdym wynikiem

Twoja historia wyników

Nie rozwiązałeś tego quizu